| 000 | 00762nam a2200205 a 4500 | ||
|---|---|---|---|
| 001 | 000022973 | ||
| 005 | 20200930021915.0 | ||
| 008 | 101123s2001 mx r 000 p spa d | ||
| 040 |
_aDO-SdBNP _bspa _cBNPHU |
||
| 082 |
_aCu861.42 _bCh431r |
||
| 100 | 1 |
_aChacón y Calvo, José María, _bCh431r _d1893-1969. _947243 |
|
| 245 | 1 | 0 |
_aRomance tradicionales de Cuba / _cJosé María Chacón y Calvo ; prólogo El Romance de Leonor de Guzmán por Fredo Arías de la Canal. |
| 260 |
_aMéxico : _bFrente de Afirmación Hispanista, _c2001. |
||
| 300 |
_axxxv, 127 p. : _bil. ; _c19 cm. |
||
| 500 | _aIncluye bibliografías. | ||
| 650 | 4 |
_aPoesía cubana _95226 |
|
| 650 | 4 |
_aLiteratura cubana _91483 |
|
| 700 | 1 |
_aArías de la Canal, Fredo _epról. _98096 |
|
| 049 | _aBNGR | ||
| 999 |
_c22470 _d22470 |
||